000 00633nam a2200253Ia 4500
003 OSt
005 20220924153619.0
006 a|||||r|||| 00| 0
007 ta
008 220923b |||||||| |||| 00| 0 tam d
024 _a351004
037 _cTextual
040 _aARTS
_cARTS
_btam
041 _2tam
_atam
082 _aO31,1x, P3
100 _aNuhman M A Ed.
_9229395
245 0 _aPathinoru eazhathu kavignarkal
260 _c2003
300 _a199p.
_ccm.
650 _a TAMIL POETRY
650 _aTAMIL LITERATURE
942 _hO31,1x, P3
_cTEXL
_2CC
999 _c474268
_d474268